| 000 | 00798nam a2200217Ia 4500 | ||
|---|---|---|---|
| 003 | GCL | ||
| 008 | 140319s9999 xx 000 0 ara d | ||
| 040 |
_aGCL / _cGCL |
||
| 082 | 0 | 4 |
_a647.94 _bع ك |
| 100 | 1 | _aعبدالعزيز فهمى هيكل | |
| 245 | 1 | 0 |
_aالكمبيوتر وادارة الفنادق : _bالمعالجة الالكترونية للادارة الفندقية / _cعبدالعزيز فهمى هيكل |
| 260 |
_aبيروت : _bدار الراتب الجامعية |
||
| 300 |
_a161 ص ؛ _c24 سم |
||
| 650 | 0 | 4 | _aالفنادق |
| 650 | 0 | 4 | _aادارة الفنادق |
| 650 | 0 | 4 | _aالحاسبات الالكترونية |
| 650 | 0 | 4 | _aتنظيم وادارة |
| 650 | 0 | 4 | _aدراسات الجدوى |
| 650 | 0 | 4 | _aالفنادق - ادارة |
| 942 |
_2ddc _cBK |
||
| 999 |
_c55579 _d55579 |
||